Kumudini hagu itara kadamkathanagalu (Record no. 97039)
[ view plain ]
| 000 -LEADER | |
|---|---|
| fixed length control field | 02732nam a2200217Ia 4500 |
| 003 - CONTROL NUMBER IDENTIFIER | |
| control field | OSt |
| 005 - DATE AND TIME OF LATEST TRANSACTION | |
| control field | 20250612144046.0 |
| 008 - FIXED-LENGTH DATA ELEMENTS--GENERAL INFORMATION | |
| fixed length control field | 210210b1984 xxu||||| |||| 00| 0 eng d |
| 040 ## - CATALOGING SOURCE | |
| Transcribing agency | AL |
| 041 ## - LANGUAGE CODE | |
| Language code of text/sound track or separate title | Kannada |
| 082 ## - DEWEY DECIMAL CLASSIFICATION NUMBER | |
| Classification number | K894.301 SHRK |
| 100 ## - MAIN ENTRY--PERSONAL NAME | |
| Personal name | SHRINIVASA HAVANURA |
| Dates associated with a name | ಶ್ರೀನಿವಾಸ ಹಾವನೂರ |
| 9 (RLIN) | 214646 |
| 245 ## - TITLE STATEMENT | |
| Title | Kumudini hagu itara kadamkathanagalu |
| Remainder of title | ಕುಮುದಿನಿ ಹಾಗೂ ಇತರ ಕಾದಂ-ಕಥನಗಳು |
| 260 ## - PUBLICATION, DISTRIBUTION, ETC. | |
| Place of publication, distribution, etc. | Dharavada |
| Name of publisher, distributor, etc. | Ananya Prakashana |
| Date of publication, distribution, etc. | 1984 |
| 300 ## - PHYSICAL DESCRIPTION | |
| Extent | 152 |
| 520 ## - SUMMARY, ETC. | |
| Summary, etc. | ಕೆಲವು ವಿಶ್ವವಿಖ್ಯಾತ ಕಾದಂಬರಿಗಳ ಸಾರಸರ್ವಸ್ವ ಒಳಗೊಂಡ ಕೃತಿ ‘ಕುಮುದಿನಿ ಹಾಗೂ ಇತರ ಕಾದಂ-ಕಥನಗಳು’ ಈ ಕೃತಿ ಲೇಖಕ ಶ್ರೀನಿವಾಸ ಹಾವನೂರ ಕಾದಂಕಥನಗಳ ದ್ವಿತೀಯ ಸಂಗ್ರಹ. ಮೊದಲನೆಯದಾದ ಮಾತಂಗಿ ಮತ್ತು ಇತರೆ..ಸಂಗ್ರಹಕ್ಕೆ (1982)ದೊರೆತ ಯಶಸ್ಸಿನ ಪ್ರೇರೇಪಣೆಯಿಂದ ಈ ಕೃತಿ ರಚಿಸಿರುವುದಾಗಿ ತಿಳಿಸಿದ್ದಾರೆ. ಇದು ಕಾದಂಬರಿಯ ಡೈಜೆಸ್ಟ್ ಅಥವಾ ಸಾರಾಂಶವಲ್ಲ. ಇಂಗ್ಲಿಶ್ ನಲ್ಲಿಯ ಮ್ಯಾಕ್ಮಿಸನ್ ಸೀರೀಜ್ ನಂತೆ ಎಳೆಯರಿಗಾಗಿ ಬರೆದ ಕಥಾಸಾರವಲ್ಲ. ಬದಲಾಗಿ ಕಾದಂಬರಿಯೊಂದರ ಕತೆಯ ಮೆಯ್ಗಿಡಲೀಯದೆ ಅದರ ಕೆಲವು ಹೃದ್ಯವಾದ ಸನ್ನಿವೇಶಗಳನ್ನು ಯಥಾವತ್ತಾಗಿ ಕೊಡುತ್ತ. ಆ ಮೂಲಕ ಹೇಳಲಾದ ಕಥನವಿದು. ಕಾದಂಬರಿ ಕನ್ನಡದ್ದೇ ಇದ್ದಾರ, ಕಾದಂಬರಿಕಾರನ ನುಡಿಗಟ್ಟನ್ನು ಚಾಚೂ ತಪ್ಪದಂತೆ ಉಳಿಸಿಕೊಳ್ಳಬಹುದು. ಅದರಿಂದ ಮೂಲ ಕೃತಿಯನ್ನೇ ಸಂಕ್ಷೇಪದಲ್ಲಿ ಓದಿದಂತಾಗಿ ರಸಾನುಭವ ಪಡೆಯುವುದು ಸಾಧ್ಯ. ಜಗತ್ಪ್ರಸಿದ್ಧವಾದ ಸರ್ವೋತ್ಕೃಷ್ಟ ಕಾದಂಬರಿಗಳನ್ನು ಇಷ್ಟೊಂದು ಸುಲಭ-ಸರಳವಾದ ರೀತಿಯಲ್ಲಿ ಪರಿಚಯಿಸಿಕೊಳ್ಳುವ ಮಾರ್ಗ ಬೇರೊಂದಿಲ್ಲ ಎಂದಿದ್ದಾರೆ ಶ್ರೀನಿವಾಸ ಹಾವನೂರು |
| 650 ## - SUBJECT ADDED ENTRY--TOPICAL TERM | |
| Topical term or geographic name entry element | Sanna kategalu |
| 9 (RLIN) | 214647 |
| 690 ## - LOCAL SUBJECT ADDED ENTRY--TOPICAL TERM (OCLC, RLIN) | |
| Topical term or geographic name as entry element | Kannada Fiction |
| 9 (RLIN) | 214648 |
| 906 ## - LOCAL DATA ELEMENT F, LDF (RLIN) | |
| a | 047927 |
| 942 ## - ADDED ENTRY ELEMENTS (KOHA) | |
| Source of classification or shelving scheme | Dewey Decimal Classification |
| Koha item type | Book |
| Withdrawn status | Lost status | Source of classification or shelving scheme | Damaged status | Not for loan | Collection code | Home library | Current library | Shelving location | Date acquired | Cost, normal purchase price | Total Checkouts | Full call number | Barcode | Date last seen | Price effective from | Koha item type |
|---|---|---|---|---|---|---|---|---|---|---|---|---|---|---|---|---|
| Dewey Decimal Classification | Kannada | St Aloysius Library | St Aloysius Library | Secondary stack section | 02/17/2021 | 12.00 | K894.301 SHRK | 047927 | 02/17/2021 | 02/17/2021 | Book |